000 00853nam a2200133Ia 4500
008 171212s9999 xx 000 0 und d
020 _a9780833043184
100 _aMosher, David E.;Lachman, Beth E.;Greenberg, Michael D.;Nichols, Tiffany;Rosen, Brian
245 _cMosher, David E.;Lachman, Beth E.;Greenberg, Michael D.;Nichols, Tiffany;Rosen, Brian
_aGreen Warriors
_bArmy Environmental Considerations for Contingency Operations from Planning Through Post-Conflict
260 _bRAND Corporation
_c2008
650 _aHealth Sciences
650 _aUnited States. Army -- Foreign service -- Environmental aspects; United States. Army -- Operations other than war -- Environmental aspects; Postwar reconstruction -- Environmental aspects; Military doctrine -- United States -- Environmental aspects; Envir
856 _uwww.jstor.org/stable/10.7249/mg632a
999 _c352126
_d352126